000
00200 a2200097 4500
001
47984
100
_a
Jaffary
245
_a
Uswa-i-Ali
260
_a
Karachi
_b
Aftab academy
_c
090
_c
30974
_d
30974
942
_a
NUST-CAE
_c
M
_c
23307
999
_c
283057
_d
283057